[Event "ESP-ch U16"]
[Site "Salobrena"]
[Date "2021.07.23"]
[Round "8"]
[White "Manzanares Lopez, Alejandro"]
[Black "Vesga Izeta, Markel"]
[Result "1-0"]
[WhiteElo "1736"]
[BlackElo "1925"]
[PlyCount "65"]
[EventDate "2021.07.19"]
[EventType "swiss"]
[EventRounds "9"]
[EventCountry "ESP"]
[SourceTitle "EXT 2022"]
[Source "ChessBase"]
[SourceDate "2021.10.06"]
[SourceVersion "1"]
[SourceVersionDate "2021.10.06"]
[SourceQuality "1"]

1. e4 c5 2. Nf3 Nc6 3. d4 cxd4 4. Nxd4 g6 5. c4 Nf6 6. Nc3 d6 7. Be2 Nxd4 8. Qxd4 Bg7 9. 0-0 0-0 10. Qe3 a5 11. Rd1 Nd7 12. Rb1 Nc5 13. b3 Bd7 14. Bb2 Bc6 15. Nd5 Bxb2 16. Rxb2 e5 17. f4 f6 18. Rbd2 Re8 19. f5 gxf5 20. exf5 Nd7 21. Nc3 Qc7 22. Rxd6 Re7 23. Ne4 Bxe4 24. Qxe4 Kh8 25. Qd5 Nc5 26. Rxf6 Rg8 27. Rd6 Rf8 28. f6 Ref7 29. Qxe5 Nd7 30. Qd4 Nxf6 31. Bh5 Kg8 32. Bxf7+ Qxf7 33. Rf1 1-0

[Event "ESP-ch U16"]
[Site "Salobrena"]
[Date "2021.07.20"]
[Round "3"]
[White "Alcala Gonzalez, Cesar"]
[Black "Manzanares Lopez, Alejandro"]
[Result "1-0"]
[WhiteElo "2157"]
[BlackElo "1736"]
[PlyCount "57"]
[EventDate "2021.07.19"]
[EventType "swiss"]
[EventRounds "9"]
[EventCountry "ESP"]
[SourceTitle "EXT 2022"]
[Source "ChessBase"]
[SourceDate "2021.10.06"]
[SourceVersion "1"]
[SourceVersionDate "2021.10.06"]
[SourceQuality "1"]

1. d4 Nf6 2. c4 g6 3. Nc3 d5 4. cxd5 Nxd5 5. e4 Nxc3 6. bxc3 Bg7 7. Be3 0-0 8. Qd2 c5 9. Rc1 Qa5 10. Nf3 Rd8 11. d5 Nc6 12. Bd3 e6 13. Bg5 exd5 14. Bxd8 Qxd8 15. 0-0 Be6 16. c4 dxe4 17. Bxe4 Qxd2 18. Nxd2 Rd8 19. Nb3 Nd4 20. Nxd4 Rxd4 21. Bxb7 Bxc4 22. Rfe1 Bh6 23. Rc2 Bd2 24. Rd1 Bc3 25. Rdc1 Bd2 26. Rxc4 Bxc1 27. Rxc1 c4 28. Kf1 Kg7 29. Ba6 1-0

[Event "ESP-ch U16"]
[Site "Salobrena"]
[Date "2021.07.19"]
[Round "1"]
[White "Manzanares Lopez, Alejandro"]
[Black "Cesar Maestre, Bernardo"]
[Result "0-1"]
[WhiteElo "1736"]
[BlackElo "2383"]
[PlyCount "144"]
[EventDate "2021.07.19"]
[EventType "swiss"]
[EventRounds "9"]
[EventCountry "ESP"]
[SourceTitle "EXT 2022"]
[Source "ChessBase"]
[SourceDate "2021.10.06"]
[SourceVersion "1"]
[SourceVersionDate "2021.10.06"]
[SourceQuality "1"]

1. e4 c5 2. Nf3 d6 3. Nc3 Nf6 4. e5 dxe5 5. Nxe5 a6 6. Be2 Qc7 7. d4 e6 8. Bf3 cxd4 9. Qxd4 Bc5 10. Qa4+ Nbd7 11. Nd3 0-0 12. 0-0 Bd6 13. g3 Rb8 14. a3 b5 15. Qd4 Ne5 16. Bg2 Bb7 17. Bf4 Bxg2 18. Kxg2 Qc6+ 19. f3 Nxd3 20. Qxd6 Nxf4+ 21. Qxf4 Rbd8 22. Rad1 h5 23. h3 Rfe8 24. Qe5 h4 25. Rd4 Rxd4 26. Qxd4 hxg3 27. Rd1 e5 28. Qd6 Qc8 29. Qd3 Qe6 30. Ne4 Nxe4 31. fxe4 Qg6 32. b3 Rc8 33. c4 bxc4 34. bxc4 Qg5 35. Rd2 Rxc4 36. Qxc4 Qxd2+ 37. Kxg3 Qe3+ 38. Kh2 Qxa3 39. Qc8+ Qf8 40. Qxa6 Qd8 41. Qe2 Qg5 42. Qc2 g6 43. Qd3 Kg7 44. Qd5 Qf4+ 45. Kg2 Kh6 46. Qd3 f5 47. exf5 Qxf5 48. Qd5 e4 49. Qd4 Qf3+ 50. Kh2 Kg5 51. Qe5+ Qf5 52. Qe7+ Kf4 53. Qh4+ Kf3 54. Qe1 Qe5+ 55. Kh1 Qb2 56. Qd1+ Qe2 57. Qb3+ Kf2 58. Qb6+ Qe3 59. Qb2+ Ke1 60. Qb1+ Kd2 61. Qb4+ Ke2 62. Qb2+ Qd2 63. Qb5+ Kf2 64. Qb6+ Qe3 65. Qb2+ Kf1 66. Qb1+ Qe1 67. Qc2 Qg3 68. Qd1+ Kf2 69. Qd2+ Kf3 70. Qc3+ e3 71. Qc6+ Kf2 72. Qc2+ e2 0-1